000 00767nam a2200253Ia 4500
003 OSt
005 20220926030413.0
006 a|||||r|||| 00| 0
007 ta
008 220923b |||||||| |||| 00| 0 eng d
037 _cGeneral Book
040 _aRTL
_cRTL
_beng
041 _2eng
_aeng
082 _aX:57.73.N6, K4
100 _aAliber Rebert Z
_9334232
245 0 _aManagement of dollar in international finance
260 _aPRINCETON
_bINTERNATIONAL FINANCE SECTION DEPARTMENT OF ECONOMICS
_c1964
300 _a64p
_ccm.
490 _aPrincetion studies in international finance, 13
650 _a Foreign Exchange
650 _aEconomics
942 _hX:57.73.N6, K4
_cGB
_2CC
999 _c649642
_d649642